书目信息 |
| 题名: |
国际间标与语音
|
|
| 作者: | 汪福祥 , 李孚声 著 | |
| 分册: | ||
| 出版信息: | 北京 外文出版社 2000.01 |
|
| 页数: | 244页 | |
| 开本: | 32开 | |
| 丛书名: | ||
| 单 册: | ||
| 中图分类: | H311 | |
| 科图分类: | ||
| 主题词: | 英语 | |
| 电子资源: | ||
| ISBN: | 7-119-02313-6 | |
| 000 | 00576nam0 2200205 45 | |
| 001 | 0008101713 | |
| 005 | 20000810172452.3 | |
| 010 | @a7-119-02313-6@d11.80元 | |
| 100 | @a20000810d2000 km y0chiy0120 ea | |
| 101 | 0 | @achi |
| 105 | @a z 000yy | |
| 200 | 1 | @a国际间标与语音@AGuo Ji Jian Biao Yu Yu Yin@f汪福祥,李孚声著@FWang Fu Xiang,Li Fu Sheng Zhu |
| 210 | @a北京@c外文出版社@d2000.01 | |
| 215 | @a244页@d32开 | |
| 606 | 0 | @a英语 |
| 690 | @aH311@v3 | |
| 701 | 0 | @a汪福祥@4著 |
| 701 | 0 | @a李孚声@4著 |
| 801 | @aCN@bPftUser@c20000810 | |
| 905 | @b103002-006@dH311@eW886@f5 | |
| 国际间标与语音/汪福祥,李孚声著.-北京:外文出版社,2000.01 |
| 244页;32开 |
| ISBN 7-119-02313-6:11.80元 |
| ● |
| 相关链接 |
|
|
|
正题名:国际间标与语音
索取号:H311/W886
 
预约/预借
| 序号 | 登录号 | 条形码 | 馆藏地/架位号 | 状态 | 备注 |
| 1 | 103002 | 201030026 | 自科二线504/504自科库 46排2列6层/ [索取号:H311/W886] | 在馆 | |
| 2 | 103003 | 201030035 | 自科二线504/504自科库 46排2列6层/ [索取号:H311/W886] | 在馆 | |
| 3 | 103004 | 201030044 | 自科二线504/504自科库 46排2列6层/ [索取号:H311/W886] | 在馆 | |
| 4 | 103005 | 201030053 | 语言库209/ [索取号:H311/W886] | 在馆 | |
| 5 | 103006 | 201030062 | 语言库209/ [索取号:H311/W886] | 在馆 |